| 000 | 00981nam a22003137a 4500 | ||
|---|---|---|---|
| 003 | CHAP | ||
| 005 | 20220329134227.0 | ||
| 008 | 971013s1972 r 00010 d | ||
| 010 | _a17273 | ||
| 011 | _a18245 | ||
| 035 | _a22330 | ||
| 040 | _cCHAP | ||
| 082 |
_a621.313 _bJ63 |
||
| 100 | 0 | 0 |
_aJohn Deere. _961770 |
| 245 | _aFundamentos de técnica aplicada sistemas eléctricos | ||
| 260 |
_aMéxico, D.F., _c1972 |
||
| 300 |
_apág. varía _b: ilus |
||
| 590 |
_aBATCH-UPD _b10 _c20130110 _lUCH01 _h1320 |
||
| 590 |
_aBATCH-UPD _b10 _c20130410 _lUCH01 _h0829 |
||
| 590 |
_aBATCH-UPD _b10 _c20130914 _lUCH01 _h0940 |
||
| 590 |
_aCONVERSION _b10 _c20130109 _lUCH01 _h1311 |
||
| 650 | 1 | 4 |
_aCircuitos eléctricos. _923358 |
| 650 | 1 | 4 |
_aElectricidad. _936215 |
| 650 | 1 | 4 |
_aMotores. _979095 |
| 901 | _aBK | ||
| 942 | _cLIBRO | ||
| 949 |
_a621.313 J63 _bBC _cC _d33724000498275 _eC _h59572 _i22330 _si _t848.00 |
||
| 949 |
_a621.313 J63 _bBC _cC _d33724000498333 _eC _fc.2 _h59573 _i22330 _si _t848.00 |
||
| 999 |
_c17273 _d17273 |
||